Percy Jackson y los dioses del Olimpo : el último héroe del Olimpo /

Los mestizos han dedicado mucho tiempo a prepararse para la batalla decisiva contra los titanes, aunque saben que sus posibilidades de obtener la victoria son mínimas. El ejército de Cronos es ahora más formidable que nunca y, con cada dios y cada mestizo que logra reclutar, aumentan los poderes del...

Descripción completa

Guardado en:
Autor Principal: Riordan, Rick.
Otros Autores: Rey, Santiago del; trad.
Formato: Libro
Idioma:Undetermined
Publicado: Buenos Aires : Salamandra, 2024.
Edición:2a ed.
Series:Salamandra bolsillo
Materias:
Etiquetas: Agregar Etiqueta
Sin Etiquetas, Sea el primero en etiquetar este registro!
LEADER 01583nam a22002415a 4500
001 CEM.cems024795
008 250711s2024####ag############000#0#und#d
005 20250711145604.0
245 1 0 |a Percy Jackson y los dioses del Olimpo :  |b el último héroe del Olimpo /  |c Rick Riordan. 
250 |a 2a ed. 
260 |a Buenos Aires :  |b Salamandra,  |c 2024. 
300 |a 345 p. 
490 1 |a Salamandra bolsillo 
500 |a Traducción: Santiago del Rey. 
500 |a Edad recomendada: a partir de 10 años. 
520 |a Los mestizos han dedicado mucho tiempo a prepararse para la batalla decisiva contra los titanes, aunque saben que sus posibilidades de obtener la victoria son mínimas. El ejército de Cronos es ahora más formidable que nunca y, con cada dios y cada mestizo que logra reclutar, aumentan los poderes del maligno titán. Tras fracasar en un primer intento de detener en alta mar las arrolladoras tropas de Cronos, Percy Jackson y los olímpicos se esfuerzan por mantener a raya la furia desatada del monstruo Tifón. Y cuando Cronos ordena el avance definitivo hacia Nueva York, donde el monte Olimpo, en lo alto del Empire State, se encuentra prácticamente indefenso, pararle los pies al implacable Señor del Tiempo dependerá exclusivamente de Percy y su hueste de jóvenes semidioses. 
020 |a 9789878000893 
100 1 |a Riordan, Rick. 
700 1 |a Rey, Santiago del; trad. 
653 |a Literatura infantil y juvenil 
653 |a Literatura estadounidense 
653 |a Novela de aventuras 
859 |a CEMS  |b BIB. CEMS - 11 de abril  |h 813.5  |i R585  |p 30129.25  |t Ej.1  |v V